000 00454nam a22001457a 4500
003 MACL
005 20181222125424.0
008 181222b xxu||||| |||| 00| 0 eng d
040 _cMACL
100 _aजयशंकर प्रसाद
_973487
245 _aसम्‍पूर्ण नाटक एवं एकांकी
260 _aदिल्‍ली
_bदिव्‍यम
_c2016
650 _aनाटक
_973488
942 _2ddc
_cHIN
999 _c58778
_d58778